Districts of İstanbul - Statistics

General Stats
  • This quiz has been taken 89 times
  • The average score is 31 of 39
Answer Stats
Pop. District % Correct
467.919 Kadıköy
95%
169.022 Beşiktaş
94%
336.062 Arnavutköy
88%
978.007 Esenyurt
86%
356.025 Fatih
86%
509.915 Başakşehir
84%
276.572 Büyükçekmece
84%
792.030 Küçükçekmece
84%
523.137 Maltepe
84%
344.250 Sarıyer
84%
264.736 Şişli
84%
437.221 Avcılar
83%
719.071 Bağcılar
83%
743.774 Pendik
83%
517.348 Üsküdar
83%
245.647 Beykoz
81%
427.901 Esenler
81%
475.042 Kartal
81%
48.537 Şile
81%
360.702 Sultanbeyli
81%
293.604 Tuzla
81%
220.476 Bakırköy
80%
221.723 Silivri
80%
280.896 Zeytinburnu
80%
16.325 Adalar
78%
416.529 Ataşehir
78%
409.347 Beylikdüzü
77%
420.194 Eyüpsultan
77%
532.802 Sultangazi
77%
723.760 Ümraniye
77%
268.850 Bayrampaşa
75%
218.589 Beyoğlu
75%
483.830 Gaziosmanpaşa
75%
445.672 Kağıthane
75%
80.007 Çatalca
73%
567.848 Bahçelievler
72%
269.944 Güngören
72%
299.806 Çekmeköy
67%
492.804 Sancaktepe
64%
No matching quizzes found
Score Distribution
Percent of People with Each Score
Percentile by Number Answered
Your Score History
You have not taken this quiz